000 00603nam a22001817a 4500
003 UA-OsUOA
001 19907
007 ta
008 20041004b un ||||| |||| 00| 0 ukr d
100 _aЯщук В.
942 _cSA
040 _aUA-OsUOA
_cUA-OsUOA
_dUA-OsUOA
245 _aІ скрізь він гусаром
_bДруг Пушкіна [П.П.Каверін] сімнадцять років жив у Радивилові
300 _aС.3
955 _a0
773 0 _w0
_tПрапор перемоги
_dРадивилів
_d2004
_g№75/21 верес./
650 7 _aВидатні діячі
_2UDC
999 _c306080
_d306080